Państwa Które mają takie same litery jak terytorium - Statystyki

Ogólne statystyki
  • Ten quiz został rozwiązany 9 razy
  • Średni wynik to 2 z 5
Statystyki odpowiedzi
Kontynenty Państwo % Poprawnych
Ameryka Południowa Gujana
88%
Australia i Oceania Nowa Zelandia
63%
Europa Irlandia
38%
Ameryka Północna Kostaryka
25%
Europa Portugalia
13%
Nie znaleziono quizów pasujących do podanych kryteriów
Rozkład punktacji
Procent ludzi z każdym wynikiem
Percentyl według liczby udzielonych odpowiedzi
Twoja historia wyników
Nie rozwiązałeś tego quizu